[Event "Ambalangoda Dhamso op 6th"]
[Site "Ambalangoda"]
[Date "2016.04.30"]
[Round "3"]
[White "Alahakoon, Isuru"]
[Black "Samarasinghe, Wayuni Vinara"]
[Result "1-0"]
[WhiteElo "1997"]
[BlackElo "1435"]
[PlyCount "69"]
[EventDate "2016.04.29"]
[EventType "swiss"]
[EventRounds "9"]
[EventCountry "SRI"]
[SourceTitle "EXT 2017"]
[Source "ChessBase"]
[SourceDate "2016.10.25"]
[SourceVersion "1"]
[SourceVersionDate "2016.10.25"]
[SourceQuality "1"]

1. e4 c5 2. Nc3 Nc6 3. f4 e6 4. Nf3 Nge7 5. d4 cxd4 6. Nxd4 d5 7. Be3 dxe4 8. Ndb5 Nd5 9. Nxd5 exd5 10. Qxd5 Qxd5 11. Nc7+ Kd8 12. Nxd5 Be6 13. 0-0-0 Bxd5 14. Rxd5+ Kc7 15. Bb5 Bd6 16. Rhd1 Rad8 17. g3 a6 18. Bc4 f6 19. a4 Ne7 20. R5d4 f5 21. Be6 Rhf8 22. Rc4+ Nc6 23. a5 Kb8 24. Bb6 Bc7 25. Rxd8+ Bxd8 26. Rc5 g6 27. Rd5 Rh8 28. Rd7 Ka8 29. c3 Kb8 30. b4 Bxb6 31. axb6 Nd8 32. Bd5 Kc8 33. Rc7+ Kb8 34. Kd2 Ka8 35. Rc8# 1-0

[Event "Asia-ch U18 Girls"]
[Site "Ulaanbaatar"]
[Date "2016.04.08"]
[Round "4"]
[White "Munkhzul, Turmunkh"]
[Black "Samarasinghe, Wayuni Vinara"]
[Result "1-0"]
[WhiteElo "1956"]
[BlackElo "1435"]
[PlyCount "75"]
[EventDate "2016.04.06"]
[EventType "swiss"]
[EventRounds "9"]
[EventCountry "MGL"]
[SourceTitle "EXT 2017"]
[Source "ChessBase"]
[SourceDate "2016.10.25"]
[SourceVersion "1"]
[SourceVersionDate "2016.10.25"]
[SourceQuality "1"]

1. e4 c5 2. Nf3 g6 3. d4 cxd4 4. Nxd4 Bg7 5. Nc3 d6 6. Be3 Nd7 7. Qd2 h5 8. f3 Ngf6 9. 0-0-0 a6 10. Be2 Qc7 11. f4 b5 12. f5 Ne5 13. fxg6 fxg6 14. Kb1 Nc4 15. Bxc4 bxc4 16. Bg5 Rb8 17. Bxf6 Bxf6 18. Nd5 Qb7 19. Nxf6+ exf6 20. Qc3 0-0 21. Qxc4+ Kh7 22. Nb3 Qb6 23. Rd2 Kg7 24. Rhd1 Rd8 25. Rf1 a5 26. Qc3 Rf8 27. Qxa5 Qc6 28. Rfd1 Ra8 29. Qb4 Qa6 30. a3 Bg4 31. Rxd6 Qc8 32. Rf1 Rb8 33. Qd4 Qe8 34. Rdxf6 Rxf6 35. Qxf6+ Kh7 36. Qf7+ Qxf7 37. Rxf7+ Kg8 38. Rf2 1-0

[Event "SRI-chB (Women)"]
[Site "Colombo"]
[Date "2016.03.20"]
[Round "7"]
[White "De Silva, Tenara"]
[Black "Samarasinghe, Wayuni Vinara"]
[Result "1-0"]
[WhiteElo "1488"]
[BlackElo "1538"]
[PlyCount "119"]
[EventDate "2016.03.12"]
[EventType "swiss"]
[EventRounds "10"]
[EventCountry "SRI"]
[SourceTitle "CBM 171 Extra"]
[Source "ChessBase"]
[SourceDate "2016.04.26"]
[SourceVersion "1"]
[SourceVersionDate "2016.04.26"]
[SourceQuality "1"]

1. e4 c5 2. Nf3 g6 3. d4 cxd4 4. Nxd4 Nf6 5. f3 Nc6 6. c4 Nxd4 7. Qxd4 Bg7 8. Nc3 0-0 9. Qf2 d6 10. Be3 b6 11. Bd3 Nd7 12. Rc1 Nc5 13. Qd2 Nxd3+ 14. Qxd3 Ba6 15. b3 Re8 16. 0-0 Bb7 17. Rfd1 Qc7 18. Nd5 Qc6 19. Bg5 Qd7 20. Nxe7+ Rxe7 21. Bxe7 Qxe7 22. Qxd6 Qxd6 23. Rxd6 Be5 24. Rd3 Bc6 25. Rcd1 Kg7 26. Rd8 Rxd8 27. Rxd8 a6 28. a4 h6 29. Kf2 g5 30. h3 Kf6 31. Rc8 Bb7 32. Rh8 Kg7 33. Re8 Kf6 34. Ke3 Bc6 35. Rc8 Bb7 36. Rh8 Kg7 37. Re8 Kf6 38. Kd3 h5 39. Rh8 h4 40. Rh6+ Ke7 41. Rxb6 Bc8 42. c5 Bc7 43. Rh6 a5 44. Rh5 Kf6 45. Rh6+ Ke7 46. Kc4 Ba6+ 47. Rxa6 f6 48. Ra7 Kd8 49. Rxc7 Kxc7 50. Kb5 Kb7 51. Kxa5 Kc6 52. b4 Kc7 53. Kb5 Kb7 54. a5 Kc7 55. a6 Kb8 56. Kb6 Ka8 57. a7 f5 58. c6 fxe4 59. c7 exf3 60. c8R# 1-0

[Event "SRI-chB (Women)"]
[Site "Colombo"]
[Date "2016.03.12"]
[Round "2"]
[White "Samarasinghe, Wayuni Vinara"]
[Black "Jayasekera, Himasha Dulanji"]
[Result "1/2-1/2"]
[WhiteElo "1538"]
[BlackElo "1378"]
[PlyCount "116"]
[EventDate "2016.03.12"]
[EventType "swiss"]
[EventRounds "10"]
[EventCountry "SRI"]
[SourceTitle "CBM 171 Extra"]
[Source "ChessBase"]
[SourceDate "2016.04.26"]
[SourceVersion "1"]
[SourceVersionDate "2016.04.26"]
[SourceQuality "1"]

1. d4 Nf6 2. c4 e6 3. Nf3 b6 4. g3 Bb7 5. Bg2 d6 6. 0-0 Be7 7. Nbd2 0-0 8. Re1 c5 9. e4 Qc7 10. b3 Rd8 11. d5 e5 12. Bb2 Nbd7 13. Nh4 Bf8 14. Nf5 g6 15. Ne3 Bg7 16. Ng4 Re8 17. Nxf6+ Nxf6 18. Bh3 Bc8 19. Bg2 Re7 20. Nf3 Bd7 21. a4 a5 22. Nd2 Ne8 23. Bc1 Qc8 24. Nb1 f6 25. Nc3 Nc7 26. Qc2 Bh3 27. f4 Bxg2 28. Kxg2 Rf7 29. Rf1 Qd7 30. f5 g5 31. g4 Kf8 32. Rh1 Ke7 33. h4 h6 34. Bd2 Rh8 35. Ne2 Rff8 36. Ng3 Kd8 37. Rh3 Qf7 38. Rah1 Ne8 39. Qd1 Qe7 40. R1h2 Rhg8 41. Qh1 Qd7 42. hxg5 hxg5 43. Rh7 Rf7 44. Nh5 Kc7 45. Nxg7 Rgxg7 46. Rxg7 Rxg7 47. Rh6 Qe7 48. Qh5 Qd7 49. Rh8 Rf7 50. Qh1 Qe7 51. Bc3 Kb7 52. Rh5 Rg7 53. Qe1 Rh7 54. Bd2 Qf7 55. Qh1 Rg7 56. Rh6 Qe7 57. Qh5 Rf7 58. Rg6 Kc7 1/2-1/2